| 000 | 00967cam7a220025300 4500 | ||
|---|---|---|---|
| 001 | qcf00001905 | ||
| 005 | 20190816092110.0 | ||
| 008 | 720628s1960 fr ach b 000 0bfre c | ||
| 010 | _aa 61005552 | ||
| 035 | _a(Sirsi) r124331 | ||
| 035 | _a(QCAT)lss00242322 | ||
| 035 | _a(UPRA)qcf00001905 | ||
| 040 | _dUPRA | ||
| 100 | 1 |
_aEtiemble, 1909- _dEtiemble, 1909- _6A88930.1 |
|
| 245 | 1 | 0 | _aSupervielle. |
| 260 |
_a[Paris] : _bGallimard, _c[1960] |
||
| 490 | 0 |
_aLa Bibliotheque ideale _6S13898.1 |
|
| 500 | _aIncludes selections and quotations from Supervielle's works. | ||
| 504 | _a"Bibliographie": p. [293]-307. "Iconographie": p. [308]-309. "Musicographie": p. [310]-311. "Phonographie": p. [312]-315. | ||
| 600 | 1 | 0 |
_aSupervielle, Jules, 1884-1960. _dSupervielle, Jules, 1884-1960. _6S66133.1 |
| 700 | 1 |
_aSupervielle, Jules, 1884-1960. _dSupervielle, Jules, 1884-1960. _6A44343.1 |
|
| 949 |
_aPQ2637.U6 _wlcc _i-178579 _mMAIN _tBOOK _lON-SHELF |
||
| 004 | 124331 | ||
| 999 |
_c81909 _d81909 |
||